Little Dark Age - MGMT (All Lyrics) - Statistics

General Stats
  • This quiz has been taken 183 times
  • The average score is 206 of 300
Answer Stats
Answer % Correct
I
100%
a
99%
dark
98%
little
97%
age
96%
the
96%
The
96%
my
92%
you
90%
go
89%
in
89%
to
85%
it
84%
of
84%
on
83%
And
82%
and
82%
know
81%
if
80%
out
80%
get
76%
who
76%
bed
74%
all
73%
All
73%
away
72%
doesn't
72%
that
72%
me
69%
hide
68%
alone
67%
stand
67%
its
66%
lying
64%
strange
64%
when
64%
find
63%
for
63%
side
63%
stereo
63%
with
63%
Policemen
62%
see
62%
sounds
62%
what
62%
page
60%
from
59%
God
59%
standing
59%
are
58%
swear
58%
stone
57%
turn
56%
Breathing
55%
burn
55%
come
55%
friends
54%
run
52%
dead
50%
just
50%
stage
50%
would
50%
grieve
48%
horrified
47%
love
47%
more
47%
probably
47%
forgiving
46%
less
46%
ruins
46%
wants
46%
what's
46%
at
45%
open-eyed
45%
mind
44%
day
43%
try
43%
you'll
42%
guns
41%
painted
41%
rage
41%
scar
41%
gain
40%
one
40%
bring
39%
their
39%
time
39%
us
39%
start
38%
up
38%
bridge
37%
don't
37%
end
37%
image
37%
not
37%
straighten
37%
denial
36%
feelings
36%
coming
34%
each
34%
they
34%
same
33%
say
33%
knowing
32%
delight
31%
hides
31%
nearby
30%
rot
30%
seeing
30%
carvings
29%
again
28%
face
28%
hard
28%
through
28%
engine's
27%
cards
26%
humor's
26%
failed
25%
Giddy
25%
stranded
25%
ends
24%
Picking
24%
disguise
23%
limits
20%
wink
20%
Oh-oh
18%
heading
17%
sleeping
12%
No matching quizzes found
Score Distribution
Percent of People with Each Score
Percentile by Number Answered
Your Score History
You have not taken this quiz